000 00864nas a2200265 4500
001 BR9801373
003 BR-BrBNA
005 20231205100933.0
007 ta
008 230509b bl.|||p| |||| 00| 00por d
040 _aBR-BrBNA
_bpor
_cBiblioteca Nacional de Agricultura
041 _a(Pt)
072 _aP34
100 1 _aCorrea, G.L.B.
100 1 _aMoreira, W.S.
245 1 _aContaminacao do solo por ovos de Ancylostoma spp. em pracas publicas, na cidade de Santa Maria, RS, Brasil
650 _aAncilostomose
650 _aContaminacao Bacteriana
650 _aSolo
650 _aNematoide
650 _aRio Grande do Sul
773 0 _tRevista da Faculdade de Zootecnia, Veterinaria e Agronomia (Brazil)
_xISSN 0104-4257
_g(Jan-Dec 1995-1996), v. 2-3(1) p. 15-17
_wBR9801373
909 _a202311
_bLúcia
_c55
_dLúcia Elande
942 _2AGRIS
_n0
_cANA
999 _c158891
_d158891